000 01334cim a2200421 a 4500
001 data
005 20260322212109.0
007 data
008 data
035 _a12080424
906 _a7
_bcbc
_ccopycat
_d2
_encip
_f20
_gy-soundrec
925 0 _aacquire
_b2 shelf copies
_xpolicy default
010 _a 99595812
020 _a1558975535
020 _a9781558975538
024 1 _a083061530228
028 0 2 _aCD-5302J
_bBrentwood
035 _a(OCoLC)37204933
040 _aIOS
_beng
_cIOS
_dDLC
_dOCLCF
_dOCLCO
_dOCLCQ
_dDLC
042 _alccopycat
050 0 0 _aSDC 94370
082 0 4 _a220
_bBre
245 0 0 _aBreath of God :
_b700 powerful promises from the Word of God.
246 3 0 _a700 powerful promises from the Word of God
260 _aBrentwood, Tenn. :
_bBrentwood Music,
_c1993.
300 _a1 audio disc :
_bdigital ;
_c4 3/4 in.
336 _aspoken word
_bspw
_2rdacontent
337 _aaudio
_bs
_2rdamedia
338 _aaudio disc
_bsd
_2rdacarrier
500 _aCompact disc.
500 _aScriptural references noted on container insert.
511 0 _aRead by Chuck Millhuff ; with musical background.
630 0 0 _aBible.
630 0 7 _aBible.
_2fast
_0(OCoLC)fst01356024
700 1 _aMillhuff, Chuck.
_4nrt
985 _cOCLC
_eClaimed Recordings
999 _c1618
_d1618